00621nam a2200193Ia 4500952013000000999001700130003000400147005001700151008004100168020001500209040000900224082001700233100002900250245004200279260003900321300000900360650001800369942004000387 00102ddc40708HISTORYaMESbMEScHISd2019-02-20g88.00l0o909.5 WIL/Rp8431r2019-02-20 00:00:00w2019-02-20yBKzGL43R1 c19121d19121OSt20200630143142.0190216s9999||||xx |||||||||||||| ||und|| a0882250663 coclc a909.5bWIL/R aWilliams, Neville 93360 0aReform And Revolt /cNeville Williams bNews Week Books,c1975.aNew York: a160p aWorld History cBK2ddch909.5iWIL/Rk909.5mWIL/R